00876nam a2200217 i 4500001000700000003000900007005001700016007000300033008004100036080003100077100003700108245007200145260005500217300003500272500006200307600007700369710003900446852003200485999001900517952012200536146385ES-MaACL20250928094255.0t|070907s1965 sp ||||1| spa d a92(Vega-Inclán, Benigno)1 aTraver Tomás, Vicente.911124613aEl Marqués de la Vega-Inclán... / cpor Vicente Traver Tomás. a[Castellón : bTall. H. de F. Armengot], c1965. aXVI, 240 p. : bil. ; c22 cm. aPrecede al tít.: Dirección General de Bellas Artes...04aVega Inclán y Flaquer, Benigno, cMarqués de la, d1858-194291136102 aFundaciones Vega-Inclán.9220443 aES-MaACLjC-28610 bR.57686 c146385d146385 00104070aATENEOMbATENEOMcDEPO2d2008-01-17eSCl0oC-28610p1152787r2023-02-23 00:00:00w2023-02-23yMONOGRAFIA